Càtedra Xavier Fàbregas de l'Institut del Teatre : presenta Albert Vidal en la conferència-performance : la Via Sagrada de l'Actor presenta Albert Vidal en la conferència-performance :
Descripción Física:
1 tríptic : il. ; 21 cm
MARC
| LEADER | 00000nam a2200000Ia 4500 | ||
|---|---|---|---|
| 001 | 24039 | ||
| 008 | 160829s2013 xx 000 0 cat d | ||
| 080 | |a FU-64-10 | ||
| 245 | |a Càtedra Xavier Fàbregas de l'Institut del Teatre : |b presenta Albert Vidal en la conferència-performance : |b la Via Sagrada de l'Actor | ||
| 260 | |a Barcelona : |b Diputació de Barcelona. Institut del Teatre, |c 2013 | ||
| 300 | |a 1 tríptic : |b il. ; |c 21 cm | ||
| 650 | |a Vidal, Albert |x Obres de teatre |9 49488 | ||
| 650 | |a Teatre |x Programes |9 47620 | ||
| 710 | 1 | |a Institut del Teatre (Barcelona, Catalunya) |9 52662 | |
| 901 | |a Arxiu | ||
| 942 | |n 1 | ||
| 952 | |0 0 |1 0 |4 0 |6 FU6410 |7 1 |9 55394 |a Arxiu |b Arxiu |d 2016-12-01 |l 0 |o FU-64-10 |p 24039 |r 2016-12-01 00:00:00 |w 2016-12-01 |y ARXIU | ||
| 999 | |c 59267 |d 59267 | ||